000 00656nam a2200229Ia 4500
003 GCL
008 140319s9999 xx 000 0 ara d
040 _aGCL /
_cGCL
082 0 4 _a530
_bا ا
100 1 _aاحمد شوقى عمار
245 1 0 _aالتجارب المعملية /
_cاحمد شوقى عمار
260 _a[S.N] :
_bدار الراتب الجامعية
490 _aاساسيات الفيزياء
_v0
650 0 4 _aالضوء
650 0 4 _aالكهرباء
650 0 4 _aالصوت
650 0 4 _aالحرارة
650 0 4 _aالفيزياء
650 0 4 _aالمغناطيسية
650 0 4 _aتجارب
942 _2ddc
_cBK
999 _c29652
_d29652